مكتبة جامعة عجلون الوطنية

فهرس بحث المكتبة

Normal view MARC view
  • AL Hussein Fund FOR Excellence in The Period (2001-2009)

Entry Personal Name

Number of records used in: 1

001 - CONTROL NUMBER

  • control field: 2669

003 - CONTROL NUMBER IDENTIFIER

  • control field: JO-AjAnu

005 - DATE AND TIME OF LATEST TRANSACTION

  • control field: 20230606070736.0

008 - FIXED-LENGTH DATA ELEMENTS

  • fixed length control field: 230606|| aca||aabn | a|a d

040 ## - CATALOGING SOURCE

  • Original cataloging agency: JO-AjAnu
  • Transcribing agency: JO-AjAnu

100 ## - HEADING--PERSONAL NAME

  • Personal name: AL Hussein Fund FOR Excellence in The Period (2001-2009)

670 ## - SOURCE DATA FOUND

  • Source citation: Work cat.: (JO-AjAnu)1394: AL Hussein Fund FOR Excellence in The Period (2001-2009), author, Overiew Report Assessment Of a Selected Number Of Academic Programmes in Higher Education Institutions in Jordan